| 000 | 02540cam a2200397 i 4500 | ||
|---|---|---|---|
| 999 |
_c173285 _d173285 |
||
| 001 | 18413362 | ||
| 003 | Nust | ||
| 005 | 20180117090021.0 | ||
| 008 | 141222s2015 nyu 000 0 eng | ||
| 010 | _a 2014046582 | ||
| 020 | _a9781138023260 (hardback) | ||
| 020 | _z9781315696058 (ebook) | ||
| 040 |
_aDLC _beng _cDLC _erda _dDLC |
||
| 042 | _apcc | ||
| 043 | _ad------ | ||
| 050 | 0 | 0 |
_aHC59.72.P6 _bP6834 2015 |
| 082 | 0 | 0 |
_a339.4/6091724 _223 |
| 245 | 0 | 0 |
_aPoverty, inequality and growth in developing countries : _btheoretical and empirical approaches / _cedited by Atsushi Maki. |
| 250 | _a1 Edition. | ||
| 264 | 1 |
_aNew York : _bRoutledge, Taylor & Francis Group, _c2015. |
|
| 300 |
_axxii, 248 pages ; _c24 cm. |
||
| 336 |
_atext _2rdacontent |
||
| 337 |
_aunmediated _2rdamedia |
||
| 338 |
_avolume _2rdacarrier |
||
| 490 | 0 | _aRoutledge studies in the modern world economy | |
| 505 | 0 | _aIntroduction / Atsushi Maki -- Are luxury goods really luxuries? : the validity of the Törnqvist-wold's hypothesis / Atsushi Maki and Mlemba Abassy Kamwe -- Engel's law in Vietnam and the Philippines : effects of in-kind consumption on inequality and poverty / Atsushi Maki and Satoshi Ohira -- Informal agriculture sector in Indonesia : big in size, small in contribution, and high working poverty rate / Kadarmanto -- Effects of remittances on income inequality and poverty in the Philippines / Satoshi Ohira and Karen Villaquer Firshan -- Area disparity of income and expenditure in Sri Lanka : based on micro data sets of household income and expenditure survey of 2006/07 / Yasumasa Baba, Yuko Arai, Hiroko Yasui and Kaori Yonezawa -- The agricultural sector in Thailand's middle-income stage / Satoshi Ohira and Atsushi Maki -- The possibility of a border economic zone : Asian golden quadrangle / Satoko Okuyama -- Development of the fishery systems in modern Taiwan / Nobutake Koiwa -- Conclusion / Atsushi Maki. | |
| 650 | 0 |
_aPoverty _zDeveloping countries. |
|
| 650 | 0 |
_aEquality _zDeveloping countries. |
|
| 650 | 0 |
_aUrbanization _zDeveloping countries. |
|
| 651 | 0 |
_aDeveloping countries _xEconomic conditions _y21st century. |
|
| 700 | 1 |
_aMaki, Atsushi, _d1948- _eeditor. |
|
| 906 |
_a7 _bcbc _corignew _d1 _eecip _f20 _gy-gencatlg |
||
| 942 |
_2ddc _cBK |
||